000 00907nas a2200325 4500
001 BR2013003803
003 BR-BrBNA
005 20231205122332.0
007 ta
008 230509b bl.|||p| |||| 00| 00por d
040 _aBR-BrBNA
_bpor
_cBiblioteca Nacional de Agricultura
041 _a(Pt)
072 _aF04; F61
100 1 _aCorrêa, M.C. de M.
100 1 _aNatale, W.
100 1 _aPrado, R. de M.
100 1 _aOliveira, I.V.M.
100 1 _aAlmeida, E.V.
245 1 _aAdubação com zinco na formação de mudas de mamoeiro
650 _aMAMÃO
650 _aADUBAÇÃO
650 _aZINCO
650 _aMUDA
650 _aNUTRIÇÃO VEGETAL
650 _aNUTRIENTE
650 _aSUBSTRATO DE CULTURA
773 0 _tCaatinga (Brazil)
_xISSN 0100-316X
_g(Oct-Dez 2005), v. 18(4) p. 245-250
_wBR2013003803
909 _a202311
_bLúcia
_c55
_dLúcia Elande
942 _2AGRIS
_n0
_cANA
999 _c228135
_d228135